000 00392nam a22001337a 4500
999 _c126152
_d126152
008 170216b xxu||||| |||| 00| 0 eng d
050 _aSPC LA1591.N532
100 _aZIMFEP
_929145
245 _aNew schools to transform Zimbabwe
_cZIMFEP
260 _aSalisbury
_bZIMFEP
_c1978
300 _a15p. ;
_c22cm.
650 _aEducation and production
_927769
650 _aEducation
_zZimbabwe
_927081
942 _2lcc
_cMONOGRAPH